| 000 | 005340000a22001690004500 | ||
|---|---|---|---|
| 090 |
_aAR _b02202 |
||
| 245 | 1 | 0 | _aLoss of insectivorous birds along a gradient of human impact in Amazonia |
| 650 | 1 | 4 |
_aAvifauna _992441 |
| 650 | 1 | 4 |
_aImpacto antrópico _994023 |
| 650 | 1 | 4 |
_aInsectívoros _993041 |
| 650 | 1 | 4 |
_aBiología de la conservación _93740 |
| 651 | 4 |
_lRío Amazonas _pEcuador _992749 |
|
| 041 | 0 | _aInglés | |
| 100 | 1 |
_aCanaday, Christopher _995706 |
|
| 942 | _cARTICULO | ||
| 773 | 1 |
_tBiological Conservation _3147 _h77 _q63-77 _d1997 |
|
| 999 |
_c11274 _d11274 |
||